[Event "GBR-ch105 Seniors 65"]
[Site "Hull"]
[Date "2018.07.31"]
[Round "3.3"]
[White "Bimpson, Tom"]
[Black "Burnett, Jim"]
[Result "1-0"]
[WhiteElo "1988"]
[BlackElo "2088"]
[PlyCount "85"]
[EventDate "2018.07.29"]
[EventType "swiss"]
[EventRounds "7"]
[EventCountry "GBR"]

1. d4 d5 2. Bf4 Nf6 3. e3 c5 4. c3 Nc6 5. Nd2 e6 6. Ngf3 Be7 7. Ne5 Nxe5 8.
dxe5 Nd7 9. Bd3 h6 10. Qh5 Qb6 11. Rb1 Nf8 12. b4 c4 13. Bc2 Bd7 14. Nf3 g6 15.
Qh3 O-O-O 16. Bg5 Bxg5 17. Nxg5 Be8 18. a4 Qc7 19. f4 Qe7 20. O-O f5 21. Nf3
Qg7 22. Qg3 Rg8 23. Kh1 Nh7 24. Nd4 Bd7 25. a5 g5 26. b5 Qe7 27. Qf2 Qc5 28.
Rb4 Rg7 29. b6 a6 30. Ba4 Rdg8 31. g3 h5 32. Bxd7+ Kxd7 33. e4 dxe4 34. Rd1 Ke8
35. Qe2 Nf8 36. Rxc4 Qxa5 37. Rc8+ Ke7 38. Rc7+ Ke8 39. Nc6 bxc6 40. Qxh5+ Rg6
41. Rc8+ Ke7 42. b7 Nd7 43. Rxg8 1-0

[Event "GBR-ch105 Seniors 65"]
[Site "Hull"]
[Date "2018.07.31"]
[Round "3.4"]
[White "Levens, David G"]
[Black "Hutchinson, Norman A"]
[Result "0-1"]
[WhiteElo "1909"]
[BlackElo "2045"]
[PlyCount "110"]
[EventDate "2018.07.29"]
[EventType "swiss"]
[EventRounds "7"]
[EventCountry "GBR"]

1. e4 c6 2. d4 d5 3. exd5 cxd5 4. Bd3 Nc6 5. c3 Qc7 6. Qb3 e6 7. Na3 a6 8. Nf3
Bd6 9. Bg5 Nge7 10. O-O O-O 11. Rfe1 b5 12. Qc2 h6 13. Bh4 Nf5 14. Bg3 Nxg3 15.
hxg3 b4 16. Nb1 bxc3 17. bxc3 e5 18. dxe5 Nxe5 19. Nxe5 Bxe5 20. Re3 Bb7 21.
Qe2 Bd6 22. Nd2 Bc5 23. Re5 d4 24. cxd4 Bxd4 25. Re7 Qd6 26. Rb1 Bd5 27. Be4
Be6 28. Bxa8 Qxe7 29. Bf3 Qa3 30. Nb3 Bf6 31. Bb7 a5 32. Qb5 a4 33. Nc5 Bxa2
34. Rf1 Bd4 35. Nxa4 Qxg3 36. Bf3 Qf4 37. Nc5 Bc4 38. Nd3 Bxb5 39. Nxf4 Bxf1
40. Kxf1 Rb8 41. Nd3 g5 42. g4 Rb3 43. Be4 Kg7 44. Ke2 Ra3 45. Kf3 Kf6 46. Bf5
h5 47. Ke4 Ba7 48. Kf3 hxg4+ 49. Kxg4 Ra4+ 50. f4 Bb8 51. Bd7 Rd4 52. Nc5 Rxf4+
53. Kh3 Rc4 54. Na6 Bd6 55. Bb5 Rc3+ 0-1

[Event "GBR-ch105 Seniors 65"]
[Site "Hull"]
[Date "2018.07.31"]
[Round "3.5"]
[White "Kelly, Ian G"]
[Black "Friedgood, David"]
[Result "0-1"]
[WhiteElo "1985"]
[BlackElo "2188"]
[PlyCount "104"]
[EventDate "2018.07.29"]
[EventType "swiss"]
[EventRounds "7"]
[EventCountry "GBR"]

1. Nf3 c5 2. c4 Nc6 3. g3 g6 4. Bg2 Bg7 5. Nc3 d6 6. O-O Bf5 7. e4 Bg4 8. h3
Bxf3 9. Qxf3 e6 10. d3 Nge7 11. Be3 O-O 12. Qd1 a6 13. Rb1 Qd7 14. Qd2 Rfb8 15.
b3 b5 16. Rfd1 b4 17. Ne2 e5 18. f4 a5 19. g4 a4 20. f5 axb3 21. axb3 Ra3 22.
Rf1 f6 23. g5 gxf5 24. exf5 Nd4 25. Bxd4 cxd4 26. Ng3 Kh8 27. Nh5 Nxf5 28. gxf6
Bh6 29. Qe2 Ne3 30. f7 Rf8 31. Qf3 Qe7 32. Qf6+ Qxf6 33. Rxf6 Bg7 34. Rxd6 Rxf7
35. Rd8+ Rf8 36. Rd7 Nxg2 37. Kxg2 Ra2+ 38. Kg3 Bh6 39. c5 Rd2 40. Ra1 Rxd3+
41. Kg4 Rd2 42. h4 Rg2+ 43. Kh3 Rg6 44. Rd6 Rxd6 45. cxd6 d3 46. d7 d2 47. Nf6
Be3 48. Nd5 Bd4 49. Rd1 Bc3 50. Nf6 Rd8 51. Rg1 e4 52. Nxe4 Rxd7 0-1

[Event "GBR-ch105 Seniors 65"]
[Site "Hull"]
[Date "2018.07.31"]
[Round "3.6"]
[White "Kendall, Paul SN"]
[Black "James, Geoffrey H"]
[Result "0-1"]
[WhiteElo "1955"]
[BlackElo "2163"]
[PlyCount "96"]
[EventDate "2018.07.29"]
[EventType "swiss"]
[EventRounds "7"]
[EventCountry "GBR"]

1. e4 e5 2. Nf3 Nc6 3. d4 exd4 4. Nxd4 Bc5 5. Nxc6 Qf6 6. Qf3 bxc6 7. Nd2 Qxf3
8. gxf3 Nf6 9. Nb3 Bb6 10. a4 a5 11. Rg1 Nh5 12. Be3 d6 13. O-O-O Ke7 14. Rg5
g6 15. f4 f6 16. Rg1 Bd7 17. Be2 Ng7 18. f5 Bxe3+ 19. fxe3 g5 20. Rd2 c5 21. e5
Bxa4 22. Bf3 Ra6 23. exd6+ cxd6 24. Be2 Ra7 25. Rgd1 Bxb3 26. cxb3 Rd8 27. e4
Raa8 28. h4 h6 29. Rh1 Rh8 30. Bf3 Rab8 31. Kc2 h5 32. hxg5 fxg5 33. f6+ Kxf6
34. Rxd6+ Ke7 35. Ra6 g4 36. Bg2 Ne6 37. Ra7+ Kf6 38. Rf1+ Kg5 39. Rxa5 Nd4+
40. Kc3 Rhc8 41. b4 Ne2+ 42. Kd2 Nf4 43. Bh1 Rxb4 44. Kc3 Ne2+ 45. Kc2 Ng3 46.
Rd1 Nxh1 47. Rd5+ Kf4 48. Rxh5 Ng3 0-1

[Event "GBR-ch105 Seniors 65"]
[Site "Hull"]
[Date "2018.07.31"]
[Round "3.7"]
[White "Anderton, David W"]
[Black "Valentine, Brian J"]
[Result "1/2-1/2"]
[WhiteElo "2084"]
[BlackElo "1935"]
[PlyCount "131"]
[EventDate "2018.07.29"]
[EventType "swiss"]
[EventRounds "7"]
[EventCountry "GBR"]

1. d4 Nf6 2. c4 e6 3. Nc3 Bb4 4. e3 O-O 5. Nge2 d5 6. a3 Be7 7. cxd5 exd5 8.
Nf4 b6 9. b4 Bb7 10. Bd3 Nbd7 11. O-O c5 12. bxc5 bxc5 13. Qf3 cxd4 14. exd4
Nb6 15. g4 Rb8 16. g5 Ne4 17. Nxe4 dxe4 18. Bxe4 Qxd4 19. Bxb7 Qxa1 20. Nh5 Qe5
21. Bf4 Qc5 22. Bxb8 Rxb8 23. Be4 Qxg5+ 24. Kh1 Rc8 25. Ng3 Rc1 26. Qd3 g6 27.
Kg2 Rxf1 28. Qxf1 Qf4 29. Qd3 Qd6 30. Qb5 Qxa3 31. Qe8+ Bf8 32. Qc6 Qc5 33. Qe8
Qe7 34. Qc6 Qd7 35. Qc2 Qd6 36. Qa2 Qc7 37. Bf3 Nd7 38. Ne4 Bg7 39. Ng5 Qf4 40.
Nxf7 Kf8 41. Bd5 Bd4 42. f3 Ne5 43. Qa3+ Kg7 44. Nxe5 Qxe5 45. Qb3 Qe2+ 46. Kh3
Be5 47. Qa2 Qxa2 48. Bxa2 Kf6 49. Kg2 Kg5 50. h3 a5 51. Bg8 h6 52. Bf7 a4 53.
h4+ Kf5 54. Kh3 a3 55. Bd5 Kf4 56. h5 g5 57. Kg2 Ke3 58. Kh3 Kf4 59. Kg2 Bd4
60. Kh3 Bc5 61. Kg2 Bb4 62. Kh3 Bd6 63. Kg2 Ke5 64. Bg8 Bf8 65. Kh3 Kf4 66. Bd5
1/2-1/2

[Event "GBR-ch105 Seniors 65"]
[Site "Hull"]
[Date "2018.07.31"]
[Round "3.8"]
[White "Feavyour, John A"]
[Black "Milnes, Anthony CP"]
[Result "1/2-1/2"]
[WhiteElo "1980"]
[BlackElo "2025"]
[PlyCount "48"]
[EventDate "2018.07.29"]
[EventType "swiss"]
[EventRounds "7"]
[EventCountry "GBR"]

1. d4 e6 2. Bf4 f5 3. e3 Nf6 4. h3 b6 5. Nf3 Bb7 6. Bd3 Be7 7. Nbd2 O-O 8. Qe2
Ne4 9. O-O-O d6 10. Rhg1 Nd7 11. g4 Ndf6 12. gxf5 exf5 13. Ng5 Nxg5 14. Bxg5
Ne4 15. Bf4 Bh4 16. Nxe4 fxe4 17. Qg4 Qe7 18. Bc4+ Kh8 19. Be6 Bc8 20. Bxc8
Raxc8 21. Rg2 Bf6 22. Rdg1 Rce8 23. Qh5 Qf7 24. Qxf7 Rxf7 1/2-1/2

[Event "GBR-ch105 Seniors 65"]
[Site "Hull"]
[Date "2018.07.31"]
[Round "3.9"]
[White "Habershon, Paul F"]
[Black "Pickersgill, Adrian O"]
[Result "1/2-1/2"]
[WhiteElo "2023"]
[BlackElo "1919"]
[PlyCount "68"]
[EventDate "2018.07.29"]
[EventType "swiss"]
[EventRounds "7"]
[EventCountry "GBR"]

1. c4 e5 2. g3 d6 3. Bg2 f5 4. Nc3 c6 5. d3 Be7 6. Nf3 Nf6 7. O-O Na6 8. a3 O-O
9. b4 Qe8 10. Rb1 Nc7 11. b5 h6 12. bxc6 bxc6 13. c5 Ne6 14. cxd6 Bxd6 15. Qa4
Bd7 16. Bd2 Kh8 17. Qh4 Ng4 18. e4 Be7 19. Qh3 Nd4 20. Rb7 Bc8 21. Rc7 fxe4 22.
Rxc8 Qxc8 23. Nxd4 exd4 24. Nxe4 Ne5 25. Qh5 Qf5 26. Qe2 Nf3+ 27. Kh1 Nxd2 28.
Nxd2 Bxa3 29. Bxc6 Rac8 30. Be4 Qf6 31. Nc4 Bc5 32. f4 Rce8 33. Ra1 Bb6 34. Qh5
Rxe4 1/2-1/2

[Event "GBR-ch105 Seniors 65"]
[Site "Hull"]
[Date "2018.07.31"]
[Round "3.10"]
[White "Surtees, Michael J"]
[Black "Gregg, Alan M"]
[Result "1-0"]
[WhiteElo "2146"]
[BlackElo "1960"]
[PlyCount "85"]
[EventDate "2018.07.29"]
[EventType "swiss"]
[EventRounds "7"]
[EventCountry "GBR"]

1. e4 e5 2. d3 d6 3. Ne2 g6 4. g3 Bg7 5. Bg2 Nc6 6. c4 Nge7 7. Nbc3 O-O 8. O-O
Be6 9. Nd5 Rb8 10. a4 a5 11. Bd2 b6 12. Qc1 f6 13. h3 g5 14. f4 h6 15. Bc3 Rc8
16. Qd2 Bd7 17. fxg5 hxg5 18. Rf2 Nxd5 19. cxd5 Ne7 20. d4 Ng6 21. b3 Qe7 22.
Rc1 c6 23. dxc6 Rxc6 24. Rff1 Rfc8 25. Kh2 Be8 26. Bf3 R6c7 27. Bg4 Bd7 28.
Bxd7 Rxd7 29. d5 Qd8 30. Bb2 Rb8 31. Nc3 Kh7 32. Qe2 Kg8 33. Nb5 Ne7 34. Ba3
Nc8 35. Rc6 Bf8 36. Qg4 Kg7 37. h4 Be7 38. Bc1 Na7 39. hxg5 fxg5 40. Qe6 Qh8+
41. Kg2 Qh5 42. Qxd7 Qe2+ 43. Kg1 1-0

[Event "GBR-ch105 Seniors 65"]
[Site "Hull"]
[Date "2018.07.31"]
[Round "3.11"]
[White "Norman, Kenneth I"]
[Black "Clucas, Reg P"]
[Result "1-0"]
[WhiteElo "2094"]
[BlackElo "1959"]
[PlyCount "75"]
[EventDate "2018.07.29"]
[EventType "swiss"]
[EventRounds "7"]
[EventCountry "GBR"]

1. Nf3 Nf6 2. c4 e6 3. g3 b6 4. Bg2 Bb7 5. O-O Be7 6. Nc3 O-O 7. d4 Ne4 8. Nxe4
Bxe4 9. Nh4 Bxg2 10. Nxg2 f5 11. b3 Bf6 12. Bb2 c5 13. Rb1 d6 14. Nf4 Qe7 15.
dxc5 dxc5 16. Bxf6 Rxf6 17. Nd5 Qe8 18. Nxf6+ gxf6 19. e3 Nc6 20. Qe2 e5 21.
Rbd1 e4 22. f3 Qh5 23. Rd2 Qe8 24. fxe4 Qxe4 25. Qf3 Qe6 26. Qxf5 Qxe3+ 27.
Rdf2 Ne5 28. Qe6+ Kg7 29. Qxf6+ Kg8 30. Qf5 Qd4 31. Kg2 Rd8 32. Re2 Ng6 33.
Qf7+ Kh8 34. Re8+ Rxe8 35. Qxe8+ Kg7 36. Qf7+ Kh6 37. Qf3 Qg7 38. Qe3+ 1-0

[Event "GBR-ch105 Seniors 65"]
[Site "Hull"]
[Date "2018.07.31"]
[Round "3.12"]
[White "Stimpson, Philip M"]
[Black "Reuben, Stewart"]
[Result "1/2-1/2"]
[WhiteElo "1920"]
[BlackElo "2013"]
[PlyCount "40"]
[EventDate "2018.07.29"]
[EventType "swiss"]
[EventRounds "7"]
[EventCountry "GBR"]

1. e4 c5 2. Nc3 Nc6 3. f4 e6 4. Nf3 d5 5. Bb5 d4 6. Bxc6+ bxc6 7. Ne2 Nf6 8. d3
Be7 9. O-O O-O 10. Ne5 Qc7 11. Ng3 Nd7 12. Nc4 Ba6 13. b3 Bxc4 14. dxc4 f5 15.
e5 Rae8 16. Bd2 g5 17. Qe2 g4 18. h3 Bh4 19. Nh5 gxh3 20. gxh3 Kh8 1/2-1/2

[Event "GBR-ch105 Seniors 65"]
[Site "Hull"]
[Date "2018.07.31"]
[Round "3.13"]
[White "McKerracher, Douglas"]
[Black "Myall, Ivan J"]
[Result "0-1"]
[WhiteElo "1897"]
[BlackElo "2007"]
[PlyCount "74"]
[EventDate "2018.07.29"]
[EventType "swiss"]
[EventRounds "7"]
[EventCountry "GBR"]

1. e4 e5 2. Nf3 Nc6 3. Bb5 a6 4. Ba4 Nf6 5. O-O Be7 6. Re1 b5 7. Bb3 d6 8. a4
Bg4 9. h3 Bh5 10. c3 O-O 11. d3 Na5 12. Bc2 c5 13. Nbd2 b4 14. Nf1 b3 15. Bb1
Qc7 16. g4 Bg6 17. Ng3 h5 18. Nh4 hxg4 19. hxg4 Nh7 20. Nhf5 Bg5 21. Kg2 f6 22.
Nh5 Bxh5 23. gxh5 Bxc1 24. Qxc1 Ng5 25. Qd1 Ne6 26. Qg4 Nf4+ 27. Kf3 Kh7 28.
Rg1 Rf7 29. Nh4 Qd7 30. Nf5 Rb8 31. Rd1 Nc6 32. d4 cxd4 33. cxd4 Rb4 34. d5 Ne7
35. Bd3 Nxf5 36. Qxf5+ Qxf5 37. exf5 Nxd5 0-1

[Event "GBR-ch105 Seniors 65"]
[Site "Hull"]
[Date "2018.07.31"]
[Round "3.14"]
[White "Chesters, Graham"]
[Black "Brown, Geoffrey M"]
[Result "1/2-1/2"]
[WhiteElo "1987"]
[BlackElo "1897"]
[PlyCount "123"]
[EventDate "2018.07.29"]
[EventType "swiss"]
[EventRounds "7"]
[EventCountry "GBR"]

1. e4 e6 2. d3 c5 3. Nf3 a6 4. a4 b6 5. g3 Bb7 6. Bg2 Nc6 7. O-O Rc8 8. Re1 h6
9. Nbd2 d6 10. c3 Qc7 11. h3 Nge7 12. Nf1 Ne5 13. Ne3 Nxf3+ 14. Bxf3 Nc6 15.
Bg2 Be7 16. f4 g5 17. Qh5 gxf4 18. gxf4 Na5 19. f5 e5 20. f6 Bxf6 21. Ng4 Bg7
22. Bxh6 Qe7 23. Rf1 Rc7 24. Bxg7 Rxh5 25. Nf6+ Qxf6 26. Bxf6 Bc8 27. h4 Be6
28. Bf3 Rh7 29. Kf2 Kd7 30. Rg1 Rc8 31. Rg3 Nb3 32. Rag1 b5 33. axb5 axb5 34.
Rg8 Nd2 35. Rxc8 Kxc8 36. Rg8+ Kc7 37. Bd1 b4 38. cxb4 cxb4 39. h5 Nb3 40. Rh8
Rxh8 41. Bxh8 Nc5 42. Ke3 f5 43. h6 f4+ 44. Kd2 Bg8 45. Bg4 Nb3+ 46. Kd1 Nd4
47. Bh5 Bh7 48. Bf6 Kd7 49. Bf7 Ne6 50. Bh4 Nd4 51. Be1 Ke7 52. Bd5 b3 53. Bf2
Kf6 54. Bxd4 exd4 55. Ke2 Kg5 56. Kf3 Bg6 57. Bxb3 Bh5+ 58. Kf2 Kxh6 59. Ba4
Kg5 60. b4 Kf6 61. Bb3 Ke7 62. Bd5 1/2-1/2

[Event "GBR-ch105 Seniors 65"]
[Site "Hull"]
[Date "2018.07.31"]
[Round "3.15"]
[White "Moore, Geoffrey R"]
[Black "Moore, Gillian A"]
[Result "1-0"]
[WhiteElo "1980"]
[BlackElo "1835"]
[PlyCount "143"]
[EventDate "2018.07.29"]
[EventType "swiss"]
[EventRounds "7"]
[EventCountry "GBR"]

1. e4 Nf6 2. e5 Nd5 3. d4 d6 4. Nf3 dxe5 5. Nxe5 c6 6. Be2 Nd7 7. Nf3 N7f6 8.
O-O Bg4 9. Ne5 Bxe2 10. Qxe2 e6 11. c4 Nb6 12. Rd1 Be7 13. Nc3 O-O 14. Bf4 Re8
15. Rd3 Nfd7 16. Ne4 f5 17. Nc3 Nxe5 18. dxe5 Qc7 19. b3 Rad8 20. Rh3 Bb4 21.
Re1 Rd4 22. Bc1 g6 23. a3 Bf8 24. Rd3 Rxd3 25. Qxd3 Nd7 26. Qe2 Bg7 27. Bf4 Qb6
28. Qd1 Qc7 29. Qd4 c5 30. Qe3 a6 31. h4 Kf7 32. Nb1 h5 33. Nd2 Bf8 34. Nf3 Be7
35. Bg5 Bxg5 36. Nxg5+ Kg8 37. f4 Nf8 38. Rd1 Nh7 39. Nf3 b6 40. Qd3 Kf8 41.
Qd6+ Re7 42. Qxc7 Rxc7 43. Rd6 Ke7 44. Rxb6 a5 45. a4 Nf8 46. Rb5 Nd7 47. Rxa5
Nb6 48. Kf2 Kd7 49. Ke2 Nc8 50. Kd3 Na7 51. Kc3 Kc6 52. Ra6+ Kd7 53. Ng5 Nc6
54. Nf3 Rb7 55. Ra8 Nd4 56. Nxd4 cxd4+ 57. Kxd4 Rxb3 58. Kc5 Rg3 59. Ra7+ Kc8
60. Kc6 Kb8 61. Rb7+ Ka8 62. Re7 Rxg2 63. Rxe6 Ka7 64. Re8 Ra2 65. e6 Rxa4 66.
c5 Rxf4 67. e7 Re4 68. Kd7 Rd4+ 69. Ke6 Re4+ 70. Kf7 f4 71. Rf8 f3 72. e8=Q 1-0

[Event "GBR-ch105 Seniors 65"]
[Site "Hull"]
[Date "2018.07.31"]
[Round "3.16"]
[White "Atkinson, John W"]
[Black "Ramage, Colin R"]
[Result "1-0"]
[WhiteElo "1975"]
[BlackElo "1802"]
[PlyCount "99"]
[EventDate "2018.07.29"]
[EventType "swiss"]
[EventRounds "7"]
[EventCountry "GBR"]

1. e4 e5 2. Bc4 Nf6 3. d3 Bc5 4. Nf3 d6 5. O-O Be6 6. Nbd2 O-O 7. c3 Nbd7 8. a4
d5 9. exd5 Bxd5 10. Bxd5 Nxd5 11. Ne4 Be7 12. Qb3 Nf4 13. Bxf4 exf4 14. Qd5 Nf6
15. Nxf6+ Bxf6 16. Qxd8 Raxd8 17. d4 Rfe8 18. Rfe1 Kf8 19. Kf1 Rd6 20. Rxe8+
Kxe8 21. Ke2 a5 22. Nd2 b6 23. Kf3 Re6 24. Ne4 Ke7 25. Kxf4 h6 26. Kf3 Bg5 27.
Nxg5 hxg5 28. h3 f5 29. Rb1 Kd6 30. c4 Re4 31. Rd1 c5 32. dxc5+ Kxc5 33. Rd5+
Kxc4 34. Rxf5 Rf4+ 35. Rxf4+ gxf4 36. Kxf4 Kb3 37. g4 Kxa4 38. h4 Kb3 39. h5
Kxb2 40. g5 a4 41. h6 gxh6 42. gxh6 a3 43. h7 a2 44. h8=Q+ Kb1 45. Ke4 a1=Q 46.
Qxa1+ Kxa1 47. Kd5 Kb2 48. Kc4 Ka3 49. Kb5 Kb3 50. f4 1-0

[Event "GBR-ch105 Seniors 65"]
[Site "Hull"]
[Date "2018.07.31"]
[Round "3.17"]
[White "Crombleholme, Alan K"]
[Black "Price, Andrew"]
[Result "1-0"]
[WhiteElo "1974"]
[BlackElo "1779"]
[PlyCount "93"]
[EventDate "2018.07.29"]
[EventType "swiss"]
[EventRounds "7"]
[EventCountry "GBR"]

1. Nf3 f5 2. d4 e6 3. g3 Nf6 4. Bg2 Be7 5. c4 d5 6. O-O O-O 7. b3 Ne4 8. Bb2
Nd7 9. Nbd2 Ndf6 10. Ne5 Nxd2 11. Qxd2 c6 12. Rad1 Bd7 13. Qc2 Be8 14. Nd3 Qd7
15. Ne5 Qd8 16. Rc1 Bg6 17. Nxg6 hxg6 18. e3 Kf7 19. f3 Rh8 20. Rf2 Bd6 21. Bf1
Rc8 22. Bd3 Rh6 23. cxd5 Nxd5 24. Qd2 Bb4 25. Qe2 Qg5 26. f4 Qe7 27. e4 Nf6 28.
Rg2 Rch8 29. Bc3 Ng4 30. Bxb4 Qxb4 31. Rc4 Qd6 32. exf5 exf5 33. Ra4 Re8 34.
Qd2 Rhh8 35. Be2 Ne3 36. Rf2 a6 37. Bf3 Re7 38. Re2 Rhe8 39. Ra5 Nd5 40. Bxd5+
cxd5 41. Re5 Rxe5 42. fxe5 Qe6 43. Rc5 Re7 44. Qc3 g5 45. Qf3 Rd7 46. Qh5+ Qg6
47. e6+ 1-0

[Event "GBR-ch105 Seniors 65"]
[Site "Hull"]
[Date "2018.07.31"]
[Round "3.18"]
[White "Dawson, Alastair G"]
[Black "Phillips, William"]
[Result "1/2-1/2"]
[WhiteElo "1802"]
[BlackElo "1862"]
[PlyCount "25"]
[EventDate "2018.07.29"]
[EventType "swiss"]
[EventRounds "7"]
[EventCountry "GBR"]

1. e4 g6 2. c4 Bg7 3. Nc3 d6 4. g3 e5 5. Bg2 Nc6 6. Nge2 Nf6 7. d3 O-O 8. O-O
Ne7 9. h3 c5 10. f4 Nc6 11. Nd5 Nxd5 12. cxd5 Nd4 13. Nxd4 1/2-1/2

[Event "GBR-ch105 Seniors 65"]
[Site "Hull"]
[Date "2018.07.31"]
[Round "3.19"]
[White "Collins, Peter M"]
[Black "Cresswell, Mike J"]
[Result "1/2-1/2"]
[WhiteElo "1901"]
[BlackElo "1692"]
[PlyCount "66"]
[EventDate "2018.07.29"]
[EventType "swiss"]
[EventRounds "7"]
[EventCountry "GBR"]

1. Nf3 Nf6 2. g3 g6 3. Bg2 Bg7 4. d4 d6 5. c4 Nbd7 6. Nc3 c5 7. d5 Ng4 8. Qc2
Nge5 9. Nd2 Nf6 10. O-O O-O 11. h3 Re8 12. b3 Ned7 13. Bb2 Nf8 14. Rae1 Bd7 15.
Nce4 Nxe4 16. Nxe4 Bxb2 17. Qxb2 b5 18. Nd2 bxc4 19. Nxc4 Bb5 20. Rc1 Bxc4 21.
Rxc4 Nd7 22. Rh4 Rb8 23. Qd2 Nf6 24. f4 Rb4 25. f5 Rxh4 26. gxh4 Qb6 27. Qe3 c4
28. Qxb6 axb6 29. bxc4 Ra8 30. fxg6 hxg6 31. Rb1 Rxa2 32. Rxb6 Rxe2 33. Rb7 Re5
1/2-1/2

[Event "GBR-ch105 Seniors 65"]
[Site "Hull"]
[Date "2018.07.31"]
[Round "3.20"]
[White "Donaghay, Richard H"]
[Black "McDonald, Ian"]
[Result "0-1"]
[WhiteElo "1856"]
[BlackElo "1726"]
[PlyCount "76"]
[EventDate "2018.07.29"]
[EventType "swiss"]
[EventRounds "7"]
[EventCountry "GBR"]

1. e4 e5 2. Nf3 Nc6 3. d3 Bc5 4. g3 Nf6 5. Bg5 d6 6. Bg2 a6 7. Nbd2 h6 8. Be3
Ba7 9. Bxa7 Rxa7 10. c3 Bg4 11. h3 Bh5 12. g4 Bg6 13. Nh4 Bh7 14. Nf5 Bxf5 15.
gxf5 d5 16. Qe2 d4 17. f4 dxc3 18. bxc3 exf4 19. O-O O-O 20. d4 Re8 21. Qf2 Ra8
22. Qxf4 Qd7 23. Rab1 Rab8 24. e5 Nd5 25. Qf3 Nxc3 26. Qxc3 Nxd4 27. Rf2 Rxe5
28. Kh1 Rxf5 29. Rxf5 Nxf5 30. Be4 Nd6 31. Rg1 g5 32. Bg2 Re8 33. Qd4 Qe6 34.
Nf3 Nf5 35. Qg4 Ne3 36. Qg3 Qe7 37. h4 Nxg2 38. Rxg2 f6 $138 0-1

[Event "GBR-ch105 Seniors 65"]
[Site "Hull"]
[Date "2018.07.31"]
[Round "3.21"]
[White "Goodwin, Ed H"]
[Black "Illingworth, John B"]
[Result "1-0"]
[WhiteElo "1844"]
[BlackElo "1631"]
[PlyCount "91"]
[EventDate "2018.07.29"]
[EventType "swiss"]
[EventRounds "7"]
[EventCountry "GBR"]

1. d4 d5 2. c4 c6 3. Nf3 Nf6 4. Nc3 e6 5. e3 Bd6 6. Bd3 dxc4 7. Bxc4 b5 8. Bd3
a6 9. e4 Bc7 10. e5 Nd5 11. Ne4 Nd7 12. O-O c5 13. Nxc5 Nxc5 14. dxc5 Qe7 15.
a4 b4 16. Qc2 h6 17. Qc4 a5 18. Qg4 Kf8 19. Bd2 Qxc5 20. Rac1 Qe7 21. Rfe1 Bb7
22. Bc4 Rd8 23. Re2 Bb6 24. Bxd5 Bxd5 25. Be3 Bxe3 26. Rxe3 f5 27. exf6 gxf6
28. Qh5 Qe8 29. Qxe8+ Rxe8 30. Rc5 Rh7 31. Rxa5 Rc7 32. h3 Rc2 33. b3 Rb8 34.
Nd4 Rc3 35. Nxe6+ Bxe6 36. Rxe6 Rxb3 37. Ra7 Rd3 38. Rxf6+ Kg8 39. Rg6+ Kh8 40.
Rxh6+ Kg8 41. Rhh7 b3 42. Rag7+ Kf8 43. Rh8+ Kxg7 44. Rxb8 Kf6 45. Rb5 Ke6 46.
h4 1-0

[Event "GBR-ch105 Seniors 65"]
[Site "Hull"]
[Date "2018.07.31"]
[Round "3.22"]
[White "Dennis, Nigel W"]
[Black "Mitchell, Robert"]
[Result "1-0"]
[WhiteElo "1806"]
[BlackElo "1527"]
[PlyCount "75"]
[EventDate "2018.07.29"]
[EventType "swiss"]
[EventRounds "7"]
[EventCountry "GBR"]

1. e4 d5 2. exd5 Nf6 3. d4 Nxd5 4. c4 Nf6 5. Nf3 Bg4 6. Be2 e6 7. O-O Be7 8.
Nc3 c6 9. h3 Bxf3 10. Bxf3 Nbd7 11. Be3 Nb6 12. Qe2 Qc7 13. Rfd1 O-O 14. a3 a5
15. Rac1 Rad8 16. d5 exd5 17. cxd5 Nc8 18. Nb5 Qb8 19. dxc6 Rxd1+ 20. Rxd1 bxc6
21. Bxc6 Rd8 22. Rxd8+ Bxd8 23. Qd2 Be7 24. Qxa5 Nd6 25. Qc7 Qxc7 26. Nxc7 Nc4
27. Bd4 Bd8 28. Nd5 Nxd5 29. Bxd5 Nb6 30. Bf3 Nd7 31. a4 Ba5 32. Bc3 Bxc3 33.
bxc3 Nc5 34. a5 Kf8 35. Be2 Na4 36. a6 Nb6 37. a7 Ke7 38. Bf3 1-0

[Event "GBR-ch105 Seniors 65"]
[Site "Hull"]
[Date "2018.07.31"]
[Round "3.23"]
[White "Harvey, Derek D"]
[Black "Hughes, Peter"]
[Result "0-1"]
[WhiteElo "1577"]
[BlackElo "1766"]
[PlyCount "160"]
[EventDate "2018.07.29"]
[EventType "swiss"]
[EventRounds "7"]
[EventCountry "GBR"]

1. e4 c5 2. Nc3 Nc6 3. f4 g6 4. Nf3 Bg7 5. Bb5 Nd4 6. Be2 d6 7. O-O e6 8. Kh1
Ne7 9. d3 O-O 10. Be3 a6 11. Rc1 Nec6 12. a3 Rb8 13. Qe1 Bd7 14. Nd1 b5 15. c3
Nb3 16. Rb1 a5 17. Nd2 a4 18. Nxb3 axb3 19. e5 Qe7 20. Qf2 Rfc8 21. exd6 Qxd6
22. Bxc5 Qd5 23. Be3 Be8 24. Bd2 Qd8 25. Ne3 Ne7 26. d4 Nd5 27. Bd1 Nxe3 28.
Bxe3 Qd5 29. Bf3 Qc4 30. Rbd1 Bc6 31. Bxc6 Qxc6 32. Qd2 Qd5 33. Rf3 Rd8 34.
Rdf1 Rd7 35. Qf2 Rc8 36. Rh3 Qe4 37. Qh4 h5 38. Bc1 Qc6 39. Qg3 Kf8 40. Be3 Qc4
41. Qe1 Rd5 42. Qd1 Rcd8 43. Rhf3 Rc8 44. R3f2 Rcd8 45. h3 Rc8 46. Rg1 Rcd8 47.
g4 Re8 48. Rfg2 Re7 49. Bc1 hxg4 50. hxg4 Red7 51. Rf2 R5d6 52. Qf3 Qd5 53. Kh2
Qxf3 54. Rxf3 f5 55. Kg3 Rd5 56. Re1 Kf7 57. Rfe3 Re7 58. R3e2 Re8 59. Be3 Rh8
60. Rc1 fxg4 61. Kxg4 Rdh5 62. Kf3 Rc8 63. Ke4 Rc4 64. Rd1 Bf6 65. Red2 Be7 66.
Rg1 Bf6 67. Rgg2 Rc8 68. Rh2 Rch8 69. Rxh5 gxh5 70. d5 h4 71. dxe6+ Kxe6 72.
f5+ Ke7 73. Bf4 h3 74. Rh2 Rh5 75. Bg3 Kf7 76. Kf4 Rh8 77. Kg4 Rg8+ 78. Kxh3
Rh8+ 79. Kg2 Rxh2+ 80. Bxh2 Bxc3 0-1

[Event "GBR-ch105 Seniors 65"]
[Site "Hull"]
[Date "2018.07.31"]
[Round "3.24"]
[White "Downham, Alan F"]
[Black "Fisher, C Phillip"]
[Result "0-1"]
[WhiteElo "1990"]
[BlackElo "1815"]
[PlyCount "56"]
[EventDate "2018.07.29"]
[EventType "swiss"]
[EventRounds "7"]
[EventCountry "GBR"]

1. c4 c5 2. g3 Nc6 3. Bg2 g6 4. Nc3 Bg7 5. d3 d6 6. Nf3 e5 7. Bd2 Nge7 8. O-O
O-O 9. Qc1 Be6 10. Rb1 Rb8 11. a3 d5 12. cxd5 Nxd5 13. Nxd5 Bxd5 14. Be3 Nd4
15. Bxd4 cxd4 16. Qd2 Rc8 17. Rbc1 Qb6 18. g4 e4 19. dxe4 Bxe4 20. g5 Qd6 21.
Rfd1 Qd5 22. Ne1 Bxg2 23. Nxg2 f5 24. Nf4 Qe5 25. Nd3 Qe7 26. h4 Qe4 27. Qf4
Qxe2 28. Nc5 Rxc5 0-1

[Event "GBR-ch105 Seniors 65"]
[Site "Hull"]
[Date "2018.07.31"]
[Round "3.25"]
[White "Smith, David"]
[Black "Procter, Colin S"]
[Result "1/2-1/2"]
[WhiteElo "1916"]
[BlackElo "1780"]
[PlyCount "41"]
[EventDate "2018.07.29"]
[EventType "swiss"]
[EventRounds "7"]
[EventCountry "GBR"]

1. e4 g6 2. d4 Bg7 3. Nf3 d6 4. Bc4 Nf6 5. Nc3 O-O 6. O-O Nxe4 7. Nxe4 d5 8.
Bd3 dxe4 9. Bxe4 c6 10. c3 Nd7 11. Re1 Nf6 12. Bd3 Qc7 13. h3 c5 14. Qe2 e6 15.
dxc5 Qxc5 16. Be3 Qc7 17. Bd4 b6 18. Ng5 Bb7 19. Bxf6 Bxf6 20. Ne4 Bxe4 21.
Bxe4 1/2-1/2

[Event "GBR-ch105 Seniors 65"]
[Site "Hull"]
[Date "2018.07.31"]
[Round "3.26"]
[White "Calvert, John C"]
[Black "Tidmarsh, David A"]
[Result "1/2-1/2"]
[WhiteElo "1494"]
[BlackElo "1818"]
[PlyCount "35"]
[EventDate "2018.07.29"]
[EventType "swiss"]
[EventRounds "7"]
[EventCountry "GBR"]

1. e4 d5 2. d4 dxe4 3. f3 exf3 4. Nxf3 Nf6 5. Be2 Bf5 6. O-O e6 7. c3 c6 8. Re1
Qc7 9. Nbd2 Nbd7 10. Nf1 Bd6 11. Be3 h6 12. g3 Bh3 13. Bf2 O-O 14. Qc2 Ng4 15.
Bd3 Nxf2 16. Qxf2 Bxf1 17. Rxf1 Qb6 18. Rae1 1/2-1/2